KOHA-Header-6

Exploring Strategic Changes (Record no. 6259)

000 -LEADER
fixed length control field 00267nam a2200109Ia 4500
100 ## - MAIN ENTRY--AUTHOR NAME
Personal name Balogun,Julia.
245 #0 - TITLE STATEMENT
Title Exploring Strategic Changes
260 ## - PUBLICATION, DISTRIBUTION, ETC. (IMPRINT)
Place of publication USA
Name of publisher Dorling Kindersley
Year of publication 1999
300 ## - PHYSICAL DESCRIPTION
Number of Pages 248
942 ## - ADDED ENTRY ELEMENTS (KOHA)
Koha item type Books
Holdings
Withdrawn status Lost status Collection code Permanent Location Current Location Shelving location Date acquired Full call number Accession Number Koha item type
    Management MAJU MAJU   2019-09-07 621.92 740 Management

Powered by Koha